Studie sekundární emise kysličníkové kathody : Kand.diz.práca : V.odb. 26-01-9 : Obh. 13.04.1957 /

Enregistré dans:
Détails bibliographiques
Auteur principal: Lenk, Rudolf, Ing (Auteur)
Autres auteurs: Váňa, Jan (Directeur de thèse), Horáček, Vojtěch (Directeur de thèse)
Format: Manuscrit Livre
Publié: Praha : Výzk.ústav pro vak.elektrotechn, 1956
Sujets:
Tags: Ajouter un tag
Pas de tags, Soyez le premier à ajouter un tag!

MARC

LEADER 00000ntm a22000003a 4500
001 stu5559
005 20150617225811.0
008 ------s1956----------------------------d
040 |a STU  |b slo 
041 0
100 1 |a Lenk, Rudolf, Ing  |4 aut 
245 1 |a Studie sekundární emise kysličníkové kathody :  |b Kand.diz.práca : V.odb. 26-01-9 : Obh. 13.04.1957 /  |c [aut.] Lenk,Rudolf, Ing.; Škol. Váňa,Jan;Škol. Horáček,Vojtěch 
260 |a Praha :  |b Výzk.ústav pro vak.elektrotechn,  |c 1956 
300 |a 58 s :  |b príl 
650 7 |a elektrotechnológia  |2 stusub 
700 1 |a Váňa, Jan  |4 ths 
700 1 |a Horáček, Vojtěch  |4 ths 
996 |b 284ED00472  |c E*KDIZ-7  |l EE01  |s A  |a 24  |w stu5559_0001 
996 |b 284ED00480  |c E*KDIZ-10  |l EE01  |s A  |a 24  |w stu5559_0002